[Event "2nd Easter 4NCL Congress"]
[Site "Daventry"]
[Date "2022.04.17"]
[Round "4"]
[Board "16"]
[White "Gibson, Christopher A"]
[Black "White, Stuart A"]
[Result "0-1"]
[WhiteElo "1899"]
[BlackElo "2097"]
[PlyCount "0"]
[EventDate "2022.04.15"]
[EventRounds "7"]
[EventCountry "ENG"]

1. e4 {[%clk 01:30:56]} {[%emt 00:00:03]} c5 {[%clk 01:30:58]} {[%emt
00:00:02]} 2. c3 {[%clk 01:31:19]} {[%emt 00:00:07]} d5 {[%clk 01:31:23]}
{[%emt 00:00:06]} 3. exd5 {[%clk 01:31:42]} {[%emt 00:00:07]} Qxd5 {[%clk
01:31:46]} {[%emt 00:00:06]} 4. d4 {[%clk 01:31:56]} {[%emt 00:00:16]} Nc6
{[%clk 01:32:06]} {[%emt 00:00:11]} 5. Nf3 {[%clk 01:32:19]} {[%emt 00:00:06]}
Bg4 {[%clk 01:32:14]} {[%emt 00:00:22]} 6. Be2 {[%clk 01:31:47]} {[%emt
00:01:02]} cxd4 {[%clk 01:32:35]} {[%emt 00:00:09]} 7. cxd4 {[%clk 01:32:08]}
{[%emt 00:00:09]} e6 {[%clk 01:32:50]} {[%emt 00:00:15]} 8. Nc3 {[%clk
01:32:06]} {[%emt 00:00:33]} Bb4 {[%clk 01:32:54]} {[%emt 00:00:26]} 9. O-O
{[%clk 01:31:20]} {[%emt 00:01:15]} Qa5 {[%clk 01:33:19]} {[%emt 00:00:06]} 10.
a3 {[%clk 01:10:40]} {[%emt 00:21:10]} Bxc3 {[%clk 01:13:41]} {[%emt 00:20:08]}
11. bxc3 {[%clk 01:10:42]} {[%emt 00:00:28]} Nge7 {[%clk 01:13:51]} {[%emt
00:00:20]} 12. c4 {[%clk 00:55:27]} {[%emt 00:15:44]} O-O {[%clk 01:10:31]}
{[%emt 00:03:51]} 13. Bb2 {[%clk 00:47:42]} {[%emt 00:08:14]} Rfd8 {[%clk
01:10:22]} {[%emt 00:00:40]} 14. h3 {[%clk 00:35:21]} {[%emt 00:12:50]} Bxf3
{[%clk 00:55:50]} {[%emt 00:15:03]} 15. Bxf3 {[%clk 00:35:43]} {[%emt
00:00:08]} Nxd4 {[%clk 00:51:04]} {[%emt 00:05:16]} 16. Bxd4 {[%clk 00:23:40]}
{[%emt 00:12:33]} Nf5 {[%clk 00:50:50]} {[%emt 00:00:44]} 17. Bxb7 {[%clk
00:17:47]} {[%emt 00:06:23]} Rab8 {[%clk 00:49:28]} {[%emt 00:01:52]} 18. Be4
{[%clk 00:14:20]} {[%emt 00:03:56]} Nxd4 {[%clk 00:47:08]} {[%emt 00:02:51]} 19.
Rb1 {[%clk 00:09:28]} {[%emt 00:05:23]} Rxb1 {[%clk 00:43:27]} {[%emt
00:04:10]} 20. Qxb1 {[%clk 00:08:54]} {[%emt 00:01:05]} f5 {[%clk 00:43:13]}
{[%emt 00:00:43]} 21. Bd3 {[%clk 00:05:05]} {[%emt 00:04:20]} Qxa3 {[%clk
00:43:30]} {[%emt 00:00:12]} 22. Rd1 {[%clk 00:05:24]} {[%emt 00:00:11]} Qc5
{[%clk 00:27:59]} {[%emt 00:16:02]} 23. Kh1 {[%clk 00:04:08]} {[%emt 00:01:45]}
a5 {[%clk 00:28:08]} {[%emt 00:00:21]} 24. Qa2 {[%clk 00:03:37]} {[%emt
00:01:01]} Nc6 {[%clk 00:25:29]} {[%emt 00:03:09]} 25. Qe2 {[%clk 00:03:44]}
{[%emt 00:00:24]} Qe5 {[%clk 00:22:59]} {[%emt 00:02:59]} 26. Qf3 {[%clk
00:03:46]} {[%emt 00:00:28]} Nd4 {[%clk 00:19:45]} {[%emt 00:03:44]} 27. Qb7
{[%clk 00:04:05]} {[%emt 00:00:11]} Qc5 {[%clk 00:19:24]} {[%emt 00:00:51]} 28.
Qa6 {[%clk 00:03:58]} {[%emt 00:00:37]} g6 {[%clk 00:15:58]} {[%emt 00:03:56]}
29. Re1 {[%clk 00:03:15]} {[%emt 00:01:13]} e5 {[%clk 00:15:59]} {[%emt
00:00:29]} 30. Rb1 {[%clk 00:03:15]} {[%emt 00:00:30]} e4 {[%clk 00:11:58]}
{[%emt 00:04:32]} 31. Bf1 {[%clk 00:03:09]} {[%emt 00:00:35]} Nc6 {[%clk
00:08:58]} {[%emt 00:03:31]} 32. Rb5 {[%clk 00:02:56]} {[%emt 00:00:43]} Qxf2
{[%clk 00:09:07]} {[%emt 00:00:21]} 33. Rb1 {[%clk 00:01:23]} {[%emt 00:02:16]}
Qc5 {[%clk 00:06:31]} {[%emt 00:03:05]} 34. Rb5 {[%clk 00:01:38]} {[%emt
00:00:16]} Qd6 {[%clk 00:05:03]} {[%emt 00:01:58]} 35. Rd5 {[%clk 00:00:37]}
{[%emt 00:01:32]} Qe6 {[%clk 00:03:18]} {[%emt 00:02:14]} 36. Rxd8+ {[%clk
00:00:51]} {[%emt 00:00:15]} Nxd8 {[%clk 00:03:47]} {[%emt 00:00:02]} 37. Qxa5
{[%clk 00:01:09]} {[%emt 00:00:12]} Nc6 {[%clk 00:03:05]} {[%emt 00:01:12]} 38.
Qa8+ {[%clk 00:00:50]} {[%emt 00:00:50]} Kg7 {[%clk 00:03:12]} {[%emt
00:00:22]} 39. c5 {[%clk 00:01:06]} {[%emt 00:00:14]} e3 {[%clk 00:02:20]}
{[%emt 00:01:21]} 40. Be2 {[%clk 00:01:03]} {[%emt 00:00:34]} Nd4 {[%clk
00:01:23]} {[%emt 00:01:27]} 41. Qa1 {[%clk 00:01:21]} {[%emt 00:00:12]} Qe5
{[%clk 00:00:48]} {[%emt 00:01:05]} 42. Bc4 {[%clk 00:00:56]} {[%emt 00:00:56]}
Nc6 {[%clk 00:00:58]} {[%emt 00:00:21]} 43. Qa8 {[%clk 00:01:05]} {[%emt
00:00:20]} Qxc5 {[%clk 00:01:00]} {[%emt 00:00:28]} 44. Qg8+ {[%clk 00:00:34]}
{[%emt 00:01:02]} Kh6 {[%clk 00:01:21]} {[%emt 00:00:09]} 45. h4 {[%clk
00:00:35]} {[%emt 00:00:29]} Ne5 {[%clk 00:01:06]} {[%emt 00:00:44]} 46. Be2
{[%clk 00:00:47]} {[%emt 00:00:18]} Ng4 {[%clk 00:00:50]} {[%emt 00:00:46]} 47.
Bxg4 {[%clk 00:00:46]} {[%emt 00:00:32]} fxg4 {[%clk 00:01:12]} {[%emt
00:00:08]} 48. Qe6 {[%clk 00:01:04]} {[%emt 00:00:12]}  0-1

[Event "2nd Easter 4NCL Congress"]
[Site "Daventry"]
[Date "2022.04.17"]
[Round "4"]
[Board "17"]
[White "Cox, Toby"]
[Black "Cordova Lopez, Diego Anton"]
[Result "1/2-1/2"]
[WhiteElo "2070"]
[BlackElo "1896"]
[PlyCount "0"]
[EventDate "2022.04.15"]
[EventRounds "7"]
[EventCountry "ENG"]

1. e4 {[%clk 01:28:56]} {[%emt 00:02:04]} c5 {[%clk 01:30:56]} {[%emt
00:00:05]} 2. d4 {[%clk 01:28:58]} {[%emt 00:00:27]} cxd4 {[%clk 01:31:21]}
{[%emt 00:00:05]} 3. c3 {[%clk 01:29:08]} {[%emt 00:00:20]} g6 {[%clk
01:31:45]} {[%emt 00:00:06]} 4. cxd4 {[%clk 01:29:17]} {[%emt 00:00:21]} d5
{[%clk 01:32:10]} {[%emt 00:00:06]} 5. exd5 {[%clk 01:28:58]} {[%emt 00:00:49]}
Nf6 {[%clk 01:32:33]} {[%emt 00:00:06]} 6. Nc3 {[%clk 01:28:34]} {[%emt
00:00:54]} Nxd5 {[%clk 01:31:55]} {[%emt 00:01:08]} 7. Bc4 {[%clk 01:22:29]}
{[%emt 00:06:36]} e6 {[%clk 01:31:25]} {[%emt 00:01:00]} 8. Nf3 {[%clk
01:20:12]} {[%emt 00:02:46]} Bg7 {[%clk 01:30:25]} {[%emt 00:01:31]} 9. h4
{[%clk 01:09:13]} {[%emt 00:11:29]} Nc6 {[%clk 01:27:00]} {[%emt 00:03:55]} 10.
h5 {[%clk 01:05:35]} {[%emt 00:04:08]} a6 {[%clk 01:21:34]} {[%emt 00:05:56]}
11. Bg5 {[%clk 00:53:24]} {[%emt 00:12:40]} Qb6 {[%clk 01:06:51]} {[%emt
00:15:13]} 12. O-O {[%clk 00:42:05]} {[%emt 00:11:50]} Nxc3 {[%clk 00:54:39]}
{[%emt 00:12:43]} 13. bxc3 {[%clk 00:42:19]} {[%emt 00:00:15]} O-O {[%clk
00:54:01]} {[%emt 00:01:08]} 14. Re1 {[%clk 00:36:14]} {[%emt 00:06:35]} Qc7
{[%clk 00:53:30]} {[%emt 00:01:01]} 15. Bb3 {[%clk 00:34:18]} {[%emt 00:02:26]}
b5 {[%clk 00:48:14]} {[%emt 00:05:46]} 16. Qd2 {[%clk 00:33:49]} {[%emt
00:00:58]} Re8 {[%clk 00:41:22]} {[%emt 00:07:23]} 17. Bf4 {[%clk 00:27:10]}
{[%emt 00:07:10]} Qa5 {[%clk 00:37:01]} {[%emt 00:04:51]} 18. Ne5 {[%clk
00:24:57]} {[%emt 00:02:42]} Bb7 {[%clk 00:35:04]} {[%emt 00:02:27]} 19. a4
{[%clk 00:21:45]} {[%emt 00:03:42]} b4 {[%clk 00:33:44]} {[%emt 00:01:51]} 20.
hxg6 {[%clk 00:21:00]} {[%emt 00:01:15]} hxg6 {[%clk 00:33:01]} {[%emt
00:01:12]} 21. Nxc6 {[%clk 00:19:42]} {[%emt 00:01:48]} Bxc6 {[%clk 00:33:19]}
{[%emt 00:00:12]} 22. cxb4 {[%clk 00:19:43]} {[%emt 00:00:30]} Qb6 {[%clk
00:32:35]} {[%emt 00:01:14]} 23. Rad1 {[%clk 00:19:22]} {[%emt 00:00:51]} Rad8
{[%clk 00:31:50]} {[%emt 00:01:15]} 24. Be5 {[%clk 00:16:40]} {[%emt 00:03:12]}
Bd5 {[%clk 00:29:37]} {[%emt 00:02:43]} 25. Bxd5 {[%clk 00:11:45]} {[%emt
00:05:25]} Rxd5 {[%clk 00:30:05]} {[%emt 00:00:02]} 26. Qc3 {[%clk 00:09:59]}
{[%emt 00:02:16]} Bxe5 {[%clk 00:20:17]} {[%emt 00:10:19]} 27. Rxe5 {[%clk
00:09:58]} {[%emt 00:00:30]} Red8 {[%clk 00:20:10]} {[%emt 00:00:37]} 28. Rxd5
{[%clk 00:08:08]} {[%emt 00:02:21]} Rxd5 {[%clk 00:20:18]} {[%emt 00:00:21]} 29.
Qc4 {[%clk 00:08:07]} {[%emt 00:00:31]} Qb7 {[%clk 00:14:54]} {[%emt 00:05:54]}
30. Rc1 {[%clk 00:07:38]} {[%emt 00:00:59]} Kg7 {[%clk 00:14:53]} {[%emt
00:00:31]} 31. Rc3 {[%clk 00:06:53]} {[%emt 00:01:15]} Qb6 {[%clk 00:12:38]}
{[%emt 00:02:44]} 32. Rd3 {[%clk 00:06:59]} {[%emt 00:00:24]} Qb7 {[%clk
00:10:46]} {[%emt 00:02:23]} 33. Rb3 {[%clk 00:06:45]} {[%emt 00:00:43]} Qb6
{[%clk 00:06:55]} {[%emt 00:04:22]} 34. Rd3 {[%clk 00:07:08]} {[%emt 00:00:07]}
Qb7 {[%clk 00:07:20]} {[%emt 00:00:06]} 35. Rb3 {[%clk 00:06:33]} {[%emt
00:01:05]} Qb6 {[%clk 00:07:49]} {[%emt 00:00:01]} 36. b5 {[%clk 00:03:58]}
{[%emt 00:03:04]} Rxd4 {[%clk 00:07:51]} {[%emt 00:00:28]} 37. Qc6 {[%clk
00:02:47]} {[%emt 00:01:40]}  1/2-1/2

[Event "2nd Easter 4NCL Congress"]
[Site "Daventry"]
[Date "2022.04.17"]
[Round "4"]
[Board "18"]
[White "Handley, Michael R"]
[Black "Johnson, Paul A"]
[Result "1-0"]
[WhiteElo "2064"]
[BlackElo "1868"]
[PlyCount "0"]
[EventDate "2022.04.15"]
[EventRounds "7"]
[EventCountry "ENG"]

1. d4 {[%clk 01:30:58]} {[%emt 00:00:01]} d5 {[%clk 01:30:40]} {[%emt
00:00:20]} 2. c4 {[%clk 01:31:23]} {[%emt 00:00:05]} e6 {[%clk 01:30:57]}
{[%emt 00:00:13]} 3. Nf3 {[%clk 01:31:50]} {[%emt 00:00:04]} Nf6 {[%clk
01:31:04]} {[%emt 00:00:22]} 4. g3 {[%clk 01:32:16]} {[%emt 00:00:04]} Be7
{[%clk 01:30:55]} {[%emt 00:00:40]} 5. Bg2 {[%clk 01:32:41]} {[%emt 00:00:05]}
O-O {[%clk 01:30:56]} {[%emt 00:00:28]} 6. O-O {[%clk 01:33:07]} {[%emt
00:00:05]} c5 {[%clk 01:30:25]} {[%emt 00:01:00]} 7. cxd5 {[%clk 01:33:17]}
{[%emt 00:00:20]} exd5 {[%clk 01:30:38]} {[%emt 00:00:18]} 8. Nc3 {[%clk
01:33:38]} {[%emt 00:00:09]} Nc6 {[%clk 01:30:34]} {[%emt 00:00:33]} 9. Bg5
{[%clk 01:33:24]} {[%emt 00:00:45]} Be6 {[%clk 01:29:35]} {[%emt 00:01:29]} 10.
dxc5 {[%clk 01:29:02]} {[%emt 00:04:51]} Bxc5 {[%clk 01:29:51]} {[%emt
00:00:14]} 11. Rc1 {[%clk 01:28:24]} {[%emt 00:01:08]} Be7 {[%clk 01:28:41]}
{[%emt 00:01:40]} 12. Qa4 {[%clk 01:21:34]} {[%emt 00:07:21]} h6 {[%clk
01:26:12]} {[%emt 00:02:58]} 13. Bf4 {[%clk 01:19:40]} {[%emt 00:02:24]} Qd7
{[%clk 01:22:57]} {[%emt 00:03:45]} 14. Rfd1 {[%clk 01:15:57]} {[%emt
00:04:14]} Rfd8 {[%clk 01:23:02]} {[%emt 00:00:23]} 15. Ne5 {[%clk 01:07:07]}
{[%emt 00:09:22]} Nxe5 {[%clk 01:21:58]} {[%emt 00:01:34]} 16. Bxe5 {[%clk
01:07:08]} {[%emt 00:00:29]} Qxa4 {[%clk 01:19:56]} {[%emt 00:02:31]} 17. Nxa4
{[%clk 01:07:33]} {[%emt 00:00:05]} Rd7 {[%clk 01:18:40]} {[%emt 00:01:47]} 18.
Nc5 {[%clk 01:05:08]} {[%emt 00:02:55]} Bxc5 {[%clk 01:17:36]} {[%emt
00:01:34]} 19. Rxc5 {[%clk 01:05:34]} {[%emt 00:00:04]} Ne4 {[%clk 01:15:21]}
{[%emt 00:02:44]} 20. Rc2 {[%clk 01:04:48]} {[%emt 00:01:16]} Rad8 {[%clk
01:10:36]} {[%emt 00:05:15]} 21. Bd4 {[%clk 00:58:42]} {[%emt 00:06:36]} b6
{[%clk 01:10:15]} {[%emt 00:00:52]} 22. f3 {[%clk 00:50:42]} {[%emt 00:08:29]}
Nd6 {[%clk 01:09:23]} {[%emt 00:01:22]} 23. g4 {[%clk 00:50:41]} {[%emt
00:00:32]} f5 {[%clk 01:06:03]} {[%emt 00:03:50]} 24. h3 {[%clk 00:50:56]}
{[%emt 00:00:16]} f4 {[%clk 01:03:58]} {[%emt 00:02:34]} 25. Be5 {[%clk
00:46:31]} {[%emt 00:04:55]} g5 {[%clk 01:03:48]} {[%emt 00:00:40]} 26. b3
{[%clk 00:46:17]} {[%emt 00:00:44]} Kf7 {[%clk 01:02:52]} {[%emt 00:01:25]} 27.
Kf2 {[%clk 00:44:38]} {[%emt 00:02:09]} Nb7 {[%clk 00:58:07]} {[%emt 00:05:16]}
28. h4 {[%clk 00:43:38]} {[%emt 00:01:30]} Nc5 {[%clk 00:39:33]} {[%emt
00:19:04]} 29. hxg5 {[%clk 00:37:34]} {[%emt 00:06:35]} hxg5 {[%clk 00:39:55]}
{[%emt 00:00:06]} 30. Bd4 {[%clk 00:37:35]} {[%emt 00:00:29]} Nb7 {[%clk
00:37:06]} {[%emt 00:03:19]} 31. e3 {[%clk 00:35:12]} {[%emt 00:02:53]} fxe3+
{[%clk 00:36:13]} {[%emt 00:01:23]} 32. Kxe3 {[%clk 00:33:43]} {[%emt
00:02:00]} Re7 {[%clk 00:34:46]} {[%emt 00:01:57]} 33. Kf2 {[%clk 00:34:03]}
{[%emt 00:00:10]} Rc8 {[%clk 00:33:52]} {[%emt 00:01:24]} 34. Rxc8 {[%clk
00:32:58]} {[%emt 00:01:35]} Bxc8 {[%clk 00:34:18]} {[%emt 00:00:04]} 35. Be3
{[%clk 00:26:16]} {[%emt 00:07:13]} Re5 {[%clk 00:31:05]} {[%emt 00:03:43]} 36.
f4 {[%clk 00:24:16]} {[%emt 00:02:30]} gxf4 {[%clk 00:29:39]} {[%emt 00:01:55]}
37. Bxf4 {[%clk 00:24:40]} {[%emt 00:00:06]} Re7 {[%clk 00:26:29]} {[%emt
00:03:40]} 38. Bxd5+ {[%clk 00:24:21]} {[%emt 00:00:49]} Be6 {[%clk 00:26:09]}
{[%emt 00:00:50]} 39. Bxe6+ {[%clk 00:22:56]} {[%emt 00:01:55]} Rxe6 {[%clk
00:26:20]} {[%emt 00:00:20]} 40. Rd7+ {[%clk 00:23:14]} {[%emt 00:00:12]} Re7
{[%clk 00:26:45]} {[%emt 00:00:04]} 41. Rxe7+ {[%clk 00:23:38]} {[%emt
00:00:05]} Kxe7 {[%clk 00:27:12]} {[%emt 00:00:04]} 42. Ke3 {[%clk 00:23:39]}
{[%emt 00:00:29]} Nc5 {[%clk 00:26:39]} {[%emt 00:01:02]} 43. Kd4 {[%clk
00:22:06]} {[%emt 00:02:04]} Ke6 {[%clk 00:25:54]} {[%emt 00:01:16]} 44. Kc4
{[%clk 00:17:30]} {[%emt 00:05:06]} a6 {[%clk 00:26:05]} {[%emt 00:00:18]} 45.
Bc7 {[%clk 00:17:03]} {[%emt 00:00:57]} Nd7 {[%clk 00:26:25]} {[%emt 00:00:10]}
46. Kd4 {[%clk 00:14:31]} {[%emt 00:03:02]} Nf6 {[%clk 00:21:23]} {[%emt
00:05:32]} 47. g5 {[%clk 00:14:52]} {[%emt 00:00:09]} Nd7 {[%clk 00:21:46]}
{[%emt 00:00:07]} 48. Bd8 {[%clk 00:10:44]} {[%emt 00:04:39]} Kd6 {[%clk
00:16:24]} {[%emt 00:05:51]} 49. Ke4 {[%clk 00:08:52]} {[%emt 00:02:20]} Ke6
{[%clk 00:16:02]} {[%emt 00:00:55]} 50. Kf4 {[%clk 00:08:42]} {[%emt 00:00:39]}
b5 {[%clk 00:14:57]} {[%emt 00:01:36]} 51. Ke4 {[%clk 00:08:01]} {[%emt
00:01:10]} Ne5 {[%clk 00:11:06]} {[%emt 00:04:20]} 52. Bf6 {[%clk 00:06:40]}
{[%emt 00:01:52]} Nc6 {[%clk 00:06:43]} {[%emt 00:04:54]} 53. Bc3 {[%clk
00:06:57]} {[%emt 00:00:13]} Ne7 {[%clk 00:05:41]} {[%emt 00:01:32]} 54. Kd4
{[%clk 00:06:56]} {[%emt 00:00:29]} Nd5 {[%clk 00:03:52]} {[%emt 00:02:20]} 55.
Bd2 {[%clk 00:06:47]} {[%emt 00:00:38]} Kd6 {[%clk 00:03:58]} {[%emt 00:00:25]}
56. g6 {[%clk 00:06:16]} {[%emt 00:01:01]} Nf6 {[%clk 00:03:50]} {[%emt
00:00:38]} 57. Bb4+ {[%clk 00:04:53]} {[%emt 00:01:52]} Ke6 {[%clk 00:03:14]}
{[%emt 00:01:06]} 58. Bf8 {[%clk 00:04:42]} {[%emt 00:00:41]} Nd7 {[%clk
00:03:03]} {[%emt 00:00:41]} 59. g7 {[%clk 00:04:55]} {[%emt 00:00:17]} Kf7
{[%clk 00:02:39]} {[%emt 00:00:54]} 60. Kd5 {[%clk 00:05:13]} {[%emt 00:00:11]}
Nxf8 {[%clk 00:00:34]} {[%emt 00:02:37]} 61. gxf8=Q+ {[%emt 00:00:12]} Kxf8
{[%emt 00:00:06]} 62. Kc5 {[%clk 00:05:04]} {[%emt 00:00:20]} Ke7 {[%clk
00:00:58]} {[%emt 00:00:07]} 63. Kb6 {[%clk 00:05:19]} {[%emt 00:00:15]} Kd6
{[%clk 00:01:20]} {[%emt 00:00:08]} 64. b4 {[%clk 00:04:58]} {[%emt 00:00:51]}
Kd5 {[%clk 00:01:34]} {[%emt 00:00:15]} 65. Kxa6 {[%clk 00:05:16]} {[%emt
00:00:13]} Kc4 {[%clk 00:01:46]} {[%emt 00:00:18]} 66. Ka5 {[%clk 00:05:42]}
{[%emt 00:00:04]}  1-0

[Event "2nd Easter 4NCL Congress"]
[Site "Daventry"]
[Date "2022.04.17"]
[Round "4"]
[Board "19"]
[White "Sullivan, Daniel Js"]
[Black "Sandhu, Manvith"]
[Result "1-0"]
[WhiteElo "2061"]
[BlackElo "1903"]
[PlyCount "0"]
[EventDate "2022.04.15"]
[EventRounds "7"]
[EventCountry "ENG"]

1. d4 {[%clk 01:30:57]} {[%emt 00:00:03]} d5 {[%clk 01:30:56]} {[%emt
00:00:05]} 2. c4 {[%clk 01:31:22]} {[%emt 00:00:04]} c6 {[%clk 01:31:24]}
{[%emt 00:00:03]} 3. Nf3 {[%clk 01:31:46]} {[%emt 00:00:05]} Nf6 {[%clk
01:31:51]} {[%emt 00:00:04]} 4. Nc3 {[%clk 01:32:08]} {[%emt 00:00:08]} e6
{[%clk 01:32:16]} {[%emt 00:00:05]} 5. Bg5 {[%clk 01:32:33]} {[%emt 00:00:04]}
h6 {[%clk 01:32:40]} {[%emt 00:00:07]} 6. Bh4 {[%clk 01:32:41]} {[%emt
00:00:21]} dxc4 {[%clk 01:32:57]} {[%emt 00:00:13]} 7. e4 {[%clk 01:32:56]}
{[%emt 00:00:14]} g5 {[%clk 01:33:18]} {[%emt 00:00:09]} 8. Bg3 {[%clk
01:33:21]} {[%emt 00:00:05]} b5 {[%clk 01:33:44]} {[%emt 00:00:05]} 9. Be2
{[%clk 01:33:40]} {[%emt 00:00:10]} Bb7 {[%clk 01:32:07]} {[%emt 00:02:08]} 10.
h4 {[%clk 01:33:22]} {[%emt 00:00:48]} g4 {[%clk 01:30:31]} {[%emt 00:02:07]}
11. Ne5 {[%clk 01:33:02]} {[%emt 00:00:49]} h5 {[%clk 01:29:46]} {[%emt
00:01:16]} 12. O-O {[%clk 01:33:11]} {[%emt 00:00:21]} Nbd7 {[%clk 01:29:36]}
{[%emt 00:00:39]} 13. Qc2 {[%clk 01:33:04]} {[%emt 00:00:36]} Bg7 {[%clk
01:28:55]} {[%emt 00:01:11]} 14. Rad1 {[%clk 01:24:47]} {[%emt 00:08:48]} Qb6
{[%clk 01:25:57]} {[%emt 00:03:25]} 15. b3 {[%clk 01:16:54]} {[%emt 00:08:27]}
cxb3 {[%clk 01:24:56]} {[%emt 00:01:31]} 16. axb3 {[%clk 01:17:12]} {[%emt
00:00:12]} a6 {[%clk 01:24:25]} {[%emt 00:01:02]} 17. Rfe1 {[%clk 01:02:35]}
{[%emt 00:15:06]} O-O {[%clk 01:15:20]} {[%emt 00:09:34]} 18. Nd3 {[%clk
00:51:47]} {[%emt 00:11:18]} Rac8 {[%clk 00:56:33]} {[%emt 00:19:17]} 19. Bd6
{[%clk 00:44:46]} {[%emt 00:07:31]} Rfd8 {[%clk 00:54:48]} {[%emt 00:02:16]} 20.
e5 {[%clk 00:41:14]} {[%emt 00:04:02]} Nd5 {[%clk 00:49:04]} {[%emt 00:06:13]}
21. Ne4 {[%clk 00:40:55]} {[%emt 00:00:49]} f6 {[%clk 00:37:57]} {[%emt
00:11:38]} 22. Ndc5 {[%clk 00:39:17]} {[%emt 00:02:08]} Nxc5 {[%clk 00:30:54]}
{[%emt 00:07:33]} 23. dxc5 {[%clk 00:38:47]} {[%emt 00:00:59]} Qa7 {[%clk
00:29:16]} {[%emt 00:02:06]} 24. exf6 {[%clk 00:37:20]} {[%emt 00:01:59]} Nxf6
{[%clk 00:28:03]} {[%emt 00:01:43]} 25. Nxf6+ {[%clk 00:37:40]} {[%emt
00:00:10]} Bxf6 {[%clk 00:27:45]} {[%emt 00:00:48]} 26. Qg6+ {[%clk 00:37:58]}
{[%emt 00:00:11]} Bg7 {[%clk 00:27:45]} {[%emt 00:00:30]} 27. Qxe6+ {[%clk
00:38:19]} {[%emt 00:00:10]} Kh8 {[%clk 00:27:49]} {[%emt 00:00:26]} 28. Bd3
{[%clk 00:38:22]} {[%emt 00:00:27]} Rxd6 {[%clk 00:25:50]} {[%emt 00:02:29]} 29.
Qxd6 {[%clk 00:38:20]} {[%emt 00:00:33]} g3 {[%clk 00:25:42]} {[%emt 00:00:37]}
30. fxg3 {[%clk 00:38:15]} {[%emt 00:00:35]} Bf8 {[%clk 00:25:11]} {[%emt
00:01:01]} 31. Qe5+ {[%clk 00:37:58]} {[%emt 00:00:48]} Bg7 {[%clk 00:25:27]}
{[%emt 00:00:14]} 32. Qxh5+ {[%clk 00:38:01]} {[%emt 00:00:27]}  1-0